000 00546nam a2200193Ia 4500
005 20250923150059.0
008 008 250917s9999 xx 000 0 eng d
037 _aTextual
040 _aDSWL
_beng
_cDSWL
041 _aeng
_2eng
084 _aY592-10gX:75x, POO
_qDSWL
245 0 _aNew economic policy and Dalits
_cEd. by P G Jogdand
260 _aJaipur
_bRawat Publications
_c2000
300 _a342p.
365 _aINR
_b675
925 _g675
942 _cTEXL
_hY592-10gX:75x, POO
999 _c1459336
_d1459336